Optical illusion: (Record no. 283261)
[ view plain ]
| 000 -LEADER | |
|---|---|
| fixed length control field | 00566nam a2200169Ia 4500 |
| 008 - FIXED-LENGTH DATA ELEMENTS--GENERAL INFORMATION | |
| fixed length control field | 150223s9999 xx 000 0 und d |
| 020 ## - INTERNATIONAL STANDARD BOOK NUMBER | |
| International Standard Book Number | 743226674 |
| 050 ## - LIBRARY OF CONGRESS CALL NUMBER | |
| Classification number | TK 5102 |
| Item number | .EN56 2004 |
| 100 ## - MAIN ENTRY--PERSONAL NAME | |
| Personal name | Endlich, Lisa. |
| 245 ## - TITLE STATEMENT | |
| Title | Optical illusion: |
| Remainder of title | lucent and the rash of telecom / |
| Statement of responsibility, etc | Lisa Endlich. |
| 260 ## - PUBLICATION, DISTRIBUTION, ETC. (IMPRINT) | |
| Place of publication, distribution, etc | New york: |
| Name of publisher, distributor, etc | Simon& Schuster, |
| Date of publication, distribution, etc | 2004 |
| 300 ## - PHYSICAL DESCRIPTION | |
| Extent | 302 pages : |
| Other physical details | Illustration; |
| Dimensions | 24 cm. |
| 504 ## - BIBLIOGRAPHY, ETC. NOTE | |
| Bibliography, etc | Includes bibliographical references and Index. |
| 520 ## - SUMMARY, ETC. | |
| Summary, etc | history |
| 650 ## - SUBJECT ADDED ENTRY--TOPICAL TERM | |
| Topical term or geographic name as entry element | Data transmission. |
| 650 ## - SUBJECT ADDED ENTRY--TOPICAL TERM | |
| Topical term or geographic name as entry element | Telecommunication; |
| General subdivision | Equipment industry. |
No items available.